| 000 | 00393nam a2200169Ia 4500 | ||
|---|---|---|---|
| 008 | 180424s9999 xx 000 0 und d | ||
| 084 | _aT10 T77 | ||
| 100 | _a"Thothathiri, " | ||
| 245 | 0 | _aTamil Navalgal Sila Aayvukal | |
| 250 | _a\\198800TAMGPSX | ||
| 260 | _aNCBH | ||
| 260 | _b1988 | ||
| 260 | _cMadras | ||
| 300 | _a151p | ||
| 500 | _aincludes index and biblioraphy | ||
| 942 | _cBK | ||
| 999 |
_c62113 _d62113 |
||